| 000 | 00375nam a2200121Ia 4500 | ||
|---|---|---|---|
| 008 | 230907s9999||||xx |||||||||||||| ||und|| | ||
| 082 |
_a697 _bKAV |
||
| 100 |
_aKavanaugh, Stephen P. _9115774 |
||
| 245 | 0 | _aHVAC simplified / | |
| 260 |
_aAmerican Society of Heating, Refrigerating and Air-Conditioning Engineers, _bAtlanta, GA : _c2006 |
||
| 300 | _axi, 236 p. : | ||
| 942 | _cBK | ||
| 999 |
_c599521 _d599521 |
||